<?xml version="1.0" encoding="UTF-8"?>
<record
    xmlns:xsi="http://www.w3.org/2001/XMLSchema-instance"
    xsi:schemaLocation="http://www.loc.gov/MARC21/slim http://www.loc.gov/standards/marcxml/schema/MARC21slim.xsd"
    xmlns="http://www.loc.gov/MARC21/slim">

  <leader>03128njm a2200589 i 4500</leader>
  <controlfield tag="001">195985</controlfield>
  <controlfield tag="003">ES-MaACL</controlfield>
  <controlfield tag="005">20250904042250.0</controlfield>
  <controlfield tag="007">sd*fsngnnmmned</controlfield>
  <controlfield tag="008">240209s2006    sp opn   d     /    ger  </controlfield>
  <datafield tag="015" ind1=" " ind2=" ">
    <subfield code="a">SON06</subfield>
  </datafield>
  <datafield tag="017" ind1=" " ind2=" ">
    <subfield code="a">M 48038-2006</subfield>
    <subfield code="b">Oficina Dep&#xF3;sito Legal Madrid</subfield>
  </datafield>
  <datafield tag="020" ind1=" " ind2=" ">
    <subfield code="a">9788493552343</subfield>
  </datafield>
  <datafield tag="035" ind1=" " ind2=" ">
    <subfield code="a">(OCoLC)1004300518</subfield>
  </datafield>
  <datafield tag="035" ind1=" " ind2=" ">
    <subfield code="a">(SpMaBN)a4555114</subfield>
  </datafield>
  <datafield tag="040" ind1=" " ind2=" ">
    <subfield code="a">SpMaBN</subfield>
    <subfield code="b">spa</subfield>
    <subfield code="c">SpMaBN</subfield>
    <subfield code="e">rdc</subfield>
  </datafield>
  <datafield tag="100" ind1="1" ind2=" ">
    <subfield code="a">Wagner, Richard, </subfield>
    <subfield code="d">1813-1883</subfield>
    <subfield code="9">240522</subfield>
    <subfield code="e">cmp</subfield>
  </datafield>
  <datafield tag="240" ind1="1" ind2="0">
    <subfield code="a">Tristan und Isolde</subfield>
  </datafield>
  <datafield tag="245" ind1="1" ind2="0">
    <subfield code="a">Tristan und Isolde / </subfield>
    <subfield code="c">Wagner ; libreto de Richard Wagner </subfield>
    <subfield code="h">[Grabaci&#xF3;n sonora] </subfield>
  </datafield>
  <datafield tag="260" ind1=" " ind2=" ">
    <subfield code="a">Madrid :</subfield>
    <subfield code="b">Prisa Innova, </subfield>
    <subfield code="c">D.L. 2007</subfield>
  </datafield>
  <datafield tag="264" ind1=" " ind2=" ">
    <subfield code="a">&#xA9;2007</subfield>
  </datafield>
  <datafield tag="300" ind1=" " ind2=" ">
    <subfield code="a">4 discos (CD Audio) + </subfield>
    <subfield code="e">1 libro (108 p&#xE1;ginas)</subfield>
  </datafield>
  <datafield tag="336" ind1=" " ind2=" ">
    <subfield code="2">rdacontent</subfield>
    <subfield code="a">m&#xFA;sica (interpretada)</subfield>
  </datafield>
  <datafield tag="337" ind1=" " ind2=" ">
    <subfield code="2">rdamedia</subfield>
    <subfield code="a">audio</subfield>
  </datafield>
  <datafield tag="338" ind1=" " ind2=" ">
    <subfield code="2">rdacarrier</subfield>
    <subfield code="a">volumen</subfield>
  </datafield>
  <datafield tag="490" ind1="1" ind2=" ">
    <subfield code="a">Los cl&#xE1;sicos de la &#xF3;pera, 400 a&#xF1;os ;</subfield>
    <subfield code="v">7</subfield>
  </datafield>
  <datafield tag="500" ind1=" " ind2=" ">
    <subfield code="a">Remasterizado</subfield>
  </datafield>
  <datafield tag="511" ind1="1" ind2=" ">
    <subfield code="a">Ludwig Suthaus, Kirsten Flagstad, Blanche Thebom, Josef Greindl, Dietrich Fischer-Dieskau, Rudolf Schock, Edgar Evans, Rhoderick Davies ; Coro de la Royal Opera House, Covent Garden ; Orquesta Philharmonia ; Wilhelm Furtw&#xE4;ngler, director musical.</subfield>
  </datafield>
  <datafield tag="518" ind1=" " ind2=" ">
    <subfield code="a">Grabado en estudio en 1952</subfield>
  </datafield>
  <datafield tag="520" ind1=" " ind2=" ">
    <subfield code="a">El lenguaje musical de Trist&#xE1;n se caracteriza por la inestabilidad y ambig&#xFC;edad tonal, el extremo cromatismo tanto en la l&#xED;nea mel&#xF3;dica como en la armon&#xED;a. (...) Todo al servicio del drama, de la intensificaci&#xF3;n de la expresi&#xF3;n, de la tensi&#xF3;n emocional.

El resultado es una obra con un extra&#xF1;o poder de fascinaci&#xF3;n, que afect&#xF3; profunda e irreversiblemente a la evoluci&#xF3;n de la m&#xFA;sica occidental, la muerte anunciada de una era. (...) El terreno estaba abonado para que las siguientes generaciones certificaran la independencia de la armon&#xED;a del sistema tonal cl&#xE1;sico.</subfield>
  </datafield>
  <datafield tag="650" ind1=" " ind2="7">
    <subfield code="a">&#xD3;peras-</subfield>
    <subfield code="9">137584</subfield>
    <subfield code="v">Libretos</subfield>
  </datafield>
  <datafield tag="655" ind1=" " ind2="7">
    <subfield code="a">Libretos</subfield>
    <subfield code="2"></subfield>
    <subfield code="9">242219</subfield>
  </datafield>
  <datafield tag="700" ind1="1" ind2=" ">
    <subfield code="a">Wagner, Richard, </subfield>
    <subfield code="d">1813-1883- </subfield>
    <subfield code="t">Tristan und Isolde- </subfield>
    <subfield code="l">Espa&#xF1;ol-Alem&#xE1;n</subfield>
    <subfield code="9">237904</subfield>
    <subfield code="e">lbt</subfield>
  </datafield>
  <datafield tag="700" ind1="1" ind2=" ">
    <subfield code="a">Suthaus, Ludwig</subfield>
    <subfield code="9">237905</subfield>
    <subfield code="e">prf</subfield>
  </datafield>
  <datafield tag="700" ind1="1" ind2=" ">
    <subfield code="a">Flagstad, Kirsten, </subfield>
    <subfield code="d">1895-1962</subfield>
    <subfield code="9">237906</subfield>
    <subfield code="e">prf</subfield>
  </datafield>
  <datafield tag="700" ind1="1" ind2=" ">
    <subfield code="a">Thebom, Blanche, </subfield>
    <subfield code="d">1918-2010</subfield>
    <subfield code="9">237907</subfield>
    <subfield code="e">prf</subfield>
  </datafield>
  <datafield tag="700" ind1="1" ind2=" ">
    <subfield code="a">Greindl, Josef, </subfield>
    <subfield code="d">1912-1993</subfield>
    <subfield code="9">237908</subfield>
    <subfield code="e">prf</subfield>
  </datafield>
  <datafield tag="700" ind1="1" ind2=" ">
    <subfield code="a">Fischer-Dieskau, Dietrich, </subfield>
    <subfield code="d">1925-2012</subfield>
    <subfield code="9">237909</subfield>
    <subfield code="e">prf</subfield>
  </datafield>
  <datafield tag="700" ind1="1" ind2=" ">
    <subfield code="a">Schock, Rudolf, </subfield>
    <subfield code="d">1915-1986</subfield>
    <subfield code="9">237910</subfield>
    <subfield code="e">prf</subfield>
  </datafield>
  <datafield tag="700" ind1="1" ind2=" ">
    <subfield code="a">Evans, Edgar</subfield>
    <subfield code="e">prf</subfield>
    <subfield code="9">240524</subfield>
  </datafield>
  <datafield tag="700" ind1="1" ind2=" ">
    <subfield code="a">Davies, Rhoderick</subfield>
    <subfield code="e">prf</subfield>
    <subfield code="9">240525</subfield>
  </datafield>
  <datafield tag="700" ind1="1" ind2=" ">
    <subfield code="a">Furtw&#xE4;ngler, Wilhelm, </subfield>
    <subfield code="d">1886-1954</subfield>
    <subfield code="9">237911</subfield>
    <subfield code="e">msd</subfield>
  </datafield>
  <datafield tag="710" ind1="2" ind2=" ">
    <subfield code="a">Royal Opera House (Londres)- </subfield>
    <subfield code="b">Chorus</subfield>
    <subfield code="9">237864</subfield>
  </datafield>
  <datafield tag="710" ind1="2" ind2=" ">
    <subfield code="a">Philharmonia Orchestra (Londres)</subfield>
    <subfield code="9">237912</subfield>
  </datafield>
  <datafield tag="852" ind1=" " ind2=" ">
    <subfield code="a">ES-MaACL</subfield>
    <subfield code="b">155018</subfield>
    <subfield code="c">DEPOJ</subfield>
    <subfield code="j">N-9802</subfield>
    <subfield code="h">Donaci&#xF3;n: Miren Fern&#xE1;ndez</subfield>
    <subfield code="x">Encuadernaci&#xF3;n carton&#xE9; </subfield>
    <subfield code="p">Volumen 7</subfield>
    <subfield code="9">205584</subfield>
  </datafield>
  <datafield tag="903" ind1=" " ind2=" ">
    <subfield code="a">Fern&#xE1;ndez, Miren </subfield>
    <subfield code="e">dnr</subfield>
  </datafield>
  <datafield tag="942" ind1=" " ind2=" ">
    <subfield code="c">MONOGRAFIA</subfield>
    <subfield code="n">0</subfield>
  </datafield>
  <datafield tag="999" ind1=" " ind2=" ">
    <subfield code="c">195985</subfield>
    <subfield code="d">195985</subfield>
  </datafield>
  <datafield tag="952" ind1=" " ind2=" ">
    <subfield code="0">0</subfield>
    <subfield code="1">0</subfield>
    <subfield code="2">udc</subfield>
    <subfield code="4">0</subfield>
    <subfield code="7">0</subfield>
    <subfield code="a">ATENEOM</subfield>
    <subfield code="b">ATENEOM</subfield>
    <subfield code="c">DEPOJ</subfield>
    <subfield code="d">2025-05-19</subfield>
    <subfield code="e">DONACION</subfield>
    <subfield code="l">0</subfield>
    <subfield code="o">N-9802</subfield>
    <subfield code="p">101230107</subfield>
    <subfield code="r">2025-05-19 00:00:00</subfield>
    <subfield code="w">2025-05-19</subfield>
    <subfield code="y">MONOGRAFIA</subfield>
  </datafield>
</record>
